On This Day: December 3rd Quiz Stats

Quiz Updated Dec 3, 2017

Challenge
Share
Tweet
Embed
Score 0/7 Timer 03:00
0 Plays Today
Question Answer Wrong Answers
This English singer-songwriter, who rose to prominence in the early 1970s as the lead vocalist for the band Black Sabbath, is born.
1948
Ozzy Osbourne
88.5%
Alice Cooper
7.6%
David Coverdale
1.5%
Steve Harris
1.2%
Today known as ‘The Land of Lincoln’, this territory is admitted as the 21st US state.
1818
Illinois
79.7%
Kentucky
11.6%
Ohio
4%
Tennessee
4.7%
This home video game console developed by Sony is released in Japan.
1994
PlayStation
77.8%
Genesis
6.1%
GameCube
3.4%
Xbox
10.7%
This man becomes the first Supreme Leader of Iran.
1979
Ruhollah Khomeini
76.5%
Mohammad Reza Shah
10.5%
Hassan Rouhani
4.9%
Mohammad Khatami
6.1%
Bulgaria, Greece, Montenegro, and Serbia sign an armistice with the ______, temporarily halting the First Balkan War.
1912
Ottoman Empire
76.2%
British Empire
6.7%
French Empire
1.9%
Russian Empire
14.4%
This musical debuts at the Majestic Theatre on Broadway. It will eventually become associated with the Kennedy administration.
1960
Camelot
70.4%
Damn Yankees
10.1%
The King and I
5.2%
Guys and Dolls
12.7%
Representatives from 121 countries sign the Ottawa Treaty prohibiting the manufacture and deployment of ______. The US, China, and Russia do not sign.
1997
Anti-personnel Landmines
23%
Automatic Firearms
3.6%
Chemical Weapons
14%
Nuclear Weapons
57.1%

Today's Daily Dose

You're not logged in!

Compare scores with friends on all Sporcle quizzes.
Sign Up with Email
OR
Log In

You Might Also Like...

Show Comments

Extras

Top Quizzes Today


Score Distribution

Your Account Isn't Verified!

In order to create a playlist on Sporcle, you need to verify the email address you used during registration. Go to your Sporcle Settings to finish the process.

Report this User

Report this user for behavior that violates our Community Guidelines.

Details: